Code Breaker - Statistics

General Stats
  • This quiz has been taken 6 times
  • The average score is 3 of 20
Answer Stats
Hint Answer % Correct
Cssnq Apple
100%
Fqqj Beef
25%
Kzril Ghost
25%
Zcts Harp
25%
Dcpp Jazz
25%
Dqssx Jeppy
25%
Gcukx Mangy
25%
Gmtvqt Murder
25%
Srovqt Powder
25%
Ornaqi Wolves
25%
Fcksesq Bagpipe
0%
Jcubx Fancy
0%
Zqnemg Helium
0%
Grmiq Mouse
0%
Uqtv Nerd
0%
Ymebh Quick
0%
Tcgscul Rampant
0%
Ibzrrn School
0%
Ioeii Swiss
0%
Lcwe Taxi
0%
No matching quizzes found
Score Distribution
Percent of People with Each Score
Percentile by Number Answered
Your Score History
You have not taken this quiz